Študenti by mali vysokej škole platiť od budúceho roka
Zástancovia a odporcovia poplatkov na vysokých školách od r. 2004. Výška poplatkov za štúdium. Spoplatnenie štúdia by malo vyvolať tlak na kvalitu vzdelávania. Problém sociálne slabších študentov. Štipendiá a pôžičky. Rozdelenie poplatkov. Poplatky za štúdium nemôžu vyriešiť finančný deficit VŠ. Prí...
Salvato in:
| Autore principale: | |
|---|---|
| Natura: | Capitolo di libro |
| Lingua: | slovacco |
| Soggetti: | |
| Tags: |
Nessun Tag, puoi essere il primo ad aggiungerne!!
|
MARC
| LEADER | 00000naa a2200000 4500 | ||
|---|---|---|---|
| 001 | r048487 | ||
| 005 | 20230921114616.8 | ||
| 041 | 0 | |a slo | |
| 044 | |a SK | ||
| 245 | 1 | 0 | |a Študenti by mali vysokej škole platiť od budúceho roka |c Marcela Herdová |
| 520 | |a Zástancovia a odporcovia poplatkov na vysokých školách od r. 2004. Výška poplatkov za štúdium. Spoplatnenie štúdia by malo vyvolať tlak na kvalitu vzdelávania. Problém sociálne slabších študentov. Štipendiá a pôžičky. Rozdelenie poplatkov. Poplatky za štúdium nemôžu vyriešiť finančný deficit VŠ. Príčiny nedostatku finančných prostriedkov pre VŠ. Štátne financovanie vysokého školstva v SR. | ||
| 610 | 2 | 0 | |a školy vysoké |
| 610 | 2 | 0 | |a financovanie |
| 610 | 2 | 0 | |a študenti |
| 610 | 2 | 0 | |a poplatky |
| 610 | 2 | 0 | |a štipendiá |
| 610 | 2 | 0 | |a pôžičky |
| 610 | 2 | 0 | |a kvalita |
| 610 | 2 | 0 | |a vzdelávanie |
| 610 | 2 | 0 | |a 2004 |
| 100 | 1 | |a Herdová, Marcela | |